<?xml version="1.0" encoding="UTF-8"?>
<record
    xmlns:xsi="http://www.w3.org/2001/XMLSchema-instance"
    xsi:schemaLocation="http://www.loc.gov/MARC21/slim http://www.loc.gov/standards/marcxml/schema/MARC21slim.xsd"
    xmlns="http://www.loc.gov/MARC21/slim">

  <leader>00561nam a22001577a 4500</leader>
  <controlfield tag="003">OSt</controlfield>
  <controlfield tag="005">20151130153101.0</controlfield>
  <controlfield tag="008">151130b        xxu||||| |||| 00| 0 eng d</controlfield>
  <datafield tag="040" ind1=" " ind2=" ">
    <subfield code="c">RUA</subfield>
  </datafield>
  <datafield tag="082" ind1=" " ind2=" ">
    <subfield code="a">FIS &#x17A0;&#x17CA;&#x17C5; 1996 B163 Or.1</subfield>
  </datafield>
  <datafield tag="100" ind1=" " ind2=" ">
    <subfield code="9">4041</subfield>
    <subfield code="a">&#x17A0;&#x17CA;&#x17C5; &#x1782;&#x17B9;&#x1798;&#x179F;&#x17D2;&#x179A;&#x17C1;&#x1784;</subfield>
  </datafield>
  <datafield tag="245" ind1=" " ind2=" ">
    <subfield code="a">&#x17A5;&#x1791;&#x17D2;&#x1792;&#x17B9;&#x1796;&#x179B;&#x1793;&#x17C3;&#x1791;&#x17C6;&#x17A0;&#x17C6;&#x178F;&#x17D2;&#x179A;&#x17B8;&#x1798;&#x17C1;&#x1796;&#x17BB;&#x1787;&#x1791;&#x17B8;&#x17A1;&#x17B6;&#x1796;&#x17D2;&#x1799;&#x17B6;&#x1786;&#x17D2;&#x1793;&#x17BC;&#x178F;&#x179B;&#x17BE;&#x179F;&#x1798;&#x178F;&#x17D2;&#x1790;&#x1797;&#x17B6;&#x1796;&#x1794;&#x1793;&#x17D2;&#x178F;&#x1796;&#x17BC;&#x1787;&#x179A;&#x1794;&#x179F;&#x17CB;&#x179C;&#x17B6;</subfield>
  </datafield>
  <datafield tag="260" ind1=" " ind2=" ">
    <subfield code="a">Phnom penh</subfield>
    <subfield code="b">RUA</subfield>
    <subfield code="c">1996</subfield>
  </datafield>
  <datafield tag="300" ind1=" " ind2=" ">
    <subfield code="a">68p.</subfield>
    <subfield code="b">ill.</subfield>
    <subfield code="c">29cm.</subfield>
  </datafield>
  <datafield tag="942" ind1=" " ind2=" ">
    <subfield code="2">ddc</subfield>
    <subfield code="c">FIS</subfield>
  </datafield>
  <datafield tag="999" ind1=" " ind2=" ">
    <subfield code="c">3761</subfield>
    <subfield code="d">3761</subfield>
  </datafield>
  <datafield tag="952" ind1=" " ind2=" ">
    <subfield code="0">0</subfield>
    <subfield code="1">0</subfield>
    <subfield code="2">ddc</subfield>
    <subfield code="4">0</subfield>
    <subfield code="6">FIS_&#x17A0;&#x17C5;_1996_000000000000000_B163_OR_1</subfield>
    <subfield code="7">0</subfield>
    <subfield code="9">18906</subfield>
    <subfield code="a">LBB</subfield>
    <subfield code="b">LBB</subfield>
    <subfield code="c">B163</subfield>
    <subfield code="d">2015-11-30</subfield>
    <subfield code="o">FIS &#x17A0;&#x17CA;&#x17C5; 1996 B163 Or.1</subfield>
    <subfield code="p">RUA012498</subfield>
    <subfield code="r">2015-11-30</subfield>
    <subfield code="w">2015-11-30</subfield>
    <subfield code="y">FIS</subfield>
  </datafield>
  <datafield tag="952" ind1=" " ind2=" ">
    <subfield code="0">0</subfield>
    <subfield code="1">0</subfield>
    <subfield code="2">ddc</subfield>
    <subfield code="4">0</subfield>
    <subfield code="6">FIS_&#x17A0;&#x17C5;_1996_000000000000000_B163_OR_2</subfield>
    <subfield code="7">0</subfield>
    <subfield code="9">18907</subfield>
    <subfield code="a">LBB</subfield>
    <subfield code="b">LBB</subfield>
    <subfield code="c">B163</subfield>
    <subfield code="d">2015-11-30</subfield>
    <subfield code="o">FIS &#x17A0;&#x17CA;&#x17C5; 1996 B163 Or.2</subfield>
    <subfield code="p">RUA012334</subfield>
    <subfield code="r">2015-11-30</subfield>
    <subfield code="w">2015-11-30</subfield>
    <subfield code="y">FIS</subfield>
  </datafield>
  <datafield tag="952" ind1=" " ind2=" ">
    <subfield code="0">0</subfield>
    <subfield code="1">0</subfield>
    <subfield code="2">ddc</subfield>
    <subfield code="4">0</subfield>
    <subfield code="6">FIS_&#x17A0;&#x17C5;_1996_000000000000000_B163_OR_3</subfield>
    <subfield code="7">0</subfield>
    <subfield code="9">18908</subfield>
    <subfield code="a">LBB</subfield>
    <subfield code="b">LBB</subfield>
    <subfield code="c">B163</subfield>
    <subfield code="d">2015-11-30</subfield>
    <subfield code="o">FIS &#x17A0;&#x17CA;&#x17C5; 1996 B163 Or.3</subfield>
    <subfield code="p">RUA012570</subfield>
    <subfield code="r">2015-11-30</subfield>
    <subfield code="w">2015-11-30</subfield>
    <subfield code="y">FIS</subfield>
  </datafield>
  <datafield tag="952" ind1=" " ind2=" ">
    <subfield code="0">0</subfield>
    <subfield code="1">0</subfield>
    <subfield code="2">ddc</subfield>
    <subfield code="4">0</subfield>
    <subfield code="6">FIS_&#x17A0;&#x17C5;_1996_000000000000000_B163_OR_4</subfield>
    <subfield code="7">0</subfield>
    <subfield code="9">18909</subfield>
    <subfield code="a">LBB</subfield>
    <subfield code="b">LBB</subfield>
    <subfield code="c">B163</subfield>
    <subfield code="d">2015-11-30</subfield>
    <subfield code="o">FIS &#x17A0;&#x17CA;&#x17C5; 1996 B163 Or.4</subfield>
    <subfield code="p">RUA012403</subfield>
    <subfield code="r">2015-11-30</subfield>
    <subfield code="w">2015-11-30</subfield>
    <subfield code="y">FIS</subfield>
  </datafield>
  <datafield tag="952" ind1=" " ind2=" ">
    <subfield code="0">0</subfield>
    <subfield code="1">0</subfield>
    <subfield code="2">ddc</subfield>
    <subfield code="4">0</subfield>
    <subfield code="6">FIS_&#x17A0;&#x17C5;_1996_000000000000000_B163_OR_5</subfield>
    <subfield code="7">0</subfield>
    <subfield code="9">18910</subfield>
    <subfield code="a">LBB</subfield>
    <subfield code="b">LBB</subfield>
    <subfield code="c">B163</subfield>
    <subfield code="d">2015-11-30</subfield>
    <subfield code="o">FIS &#x17A0;&#x17CA;&#x17C5; 1996 B163 Or.5</subfield>
    <subfield code="p">RUA012694</subfield>
    <subfield code="r">2015-11-30</subfield>
    <subfield code="w">2015-11-30</subfield>
    <subfield code="y">FIS</subfield>
  </datafield>
  <datafield tag="952" ind1=" " ind2=" ">
    <subfield code="0">0</subfield>
    <subfield code="1">0</subfield>
    <subfield code="2">ddc</subfield>
    <subfield code="4">0</subfield>
    <subfield code="6">FIS_&#x17A0;&#x17C5;_1996_000000000000000_B163_OR_6</subfield>
    <subfield code="7">0</subfield>
    <subfield code="9">18911</subfield>
    <subfield code="a">LBB</subfield>
    <subfield code="b">LBB</subfield>
    <subfield code="c">B163</subfield>
    <subfield code="d">2015-11-30</subfield>
    <subfield code="o">FIS &#x17A0;&#x17CA;&#x17C5; 1996 B163 Or.6</subfield>
    <subfield code="p">RUA012406</subfield>
    <subfield code="r">2015-11-30</subfield>
    <subfield code="w">2015-11-30</subfield>
    <subfield code="y">FIS</subfield>
  </datafield>
  <datafield tag="952" ind1=" " ind2=" ">
    <subfield code="0">0</subfield>
    <subfield code="1">0</subfield>
    <subfield code="2">ddc</subfield>
    <subfield code="4">0</subfield>
    <subfield code="6">FIS_&#x17A0;&#x17C5;_1996_000000000000000_B163_OR_7</subfield>
    <subfield code="7">0</subfield>
    <subfield code="9">18912</subfield>
    <subfield code="a">LBB</subfield>
    <subfield code="b">LBB</subfield>
    <subfield code="c">B163</subfield>
    <subfield code="d">2015-11-30</subfield>
    <subfield code="o">FIS &#x17A0;&#x17CA;&#x17C5; 1996 B163 Or.7</subfield>
    <subfield code="p">RUA012766</subfield>
    <subfield code="r">2015-11-30</subfield>
    <subfield code="w">2015-11-30</subfield>
    <subfield code="y">FIS</subfield>
  </datafield>
  <datafield tag="952" ind1=" " ind2=" ">
    <subfield code="0">0</subfield>
    <subfield code="1">0</subfield>
    <subfield code="2">ddc</subfield>
    <subfield code="4">0</subfield>
    <subfield code="6">FIS_&#x17A0;&#x17C5;_1996_000000000000000_B163_OR_8</subfield>
    <subfield code="7">0</subfield>
    <subfield code="9">18913</subfield>
    <subfield code="a">LBB</subfield>
    <subfield code="b">LBB</subfield>
    <subfield code="c">B163</subfield>
    <subfield code="d">2015-11-30</subfield>
    <subfield code="o">FIS &#x17A0;&#x17CA;&#x17C5; 1996 B163 Or.8</subfield>
    <subfield code="p">RUA012622</subfield>
    <subfield code="r">2015-11-30</subfield>
    <subfield code="w">2015-11-30</subfield>
    <subfield code="y">FIS</subfield>
  </datafield>
  <datafield tag="952" ind1=" " ind2=" ">
    <subfield code="0">0</subfield>
    <subfield code="1">0</subfield>
    <subfield code="2">ddc</subfield>
    <subfield code="4">0</subfield>
    <subfield code="6">FIS_&#x17A0;&#x17C5;_1996_000000000000000_B163_OR_9</subfield>
    <subfield code="7">0</subfield>
    <subfield code="9">18914</subfield>
    <subfield code="a">LBB</subfield>
    <subfield code="b">LBB</subfield>
    <subfield code="c">B163</subfield>
    <subfield code="d">2015-11-30</subfield>
    <subfield code="o">FIS &#x17A0;&#x17CA;&#x17C5; 1996 B163 Or.9</subfield>
    <subfield code="p">RUA012404</subfield>
    <subfield code="r">2015-11-30</subfield>
    <subfield code="w">2015-11-30</subfield>
    <subfield code="y">FIS</subfield>
  </datafield>
  <datafield tag="952" ind1=" " ind2=" ">
    <subfield code="0">0</subfield>
    <subfield code="1">0</subfield>
    <subfield code="2">ddc</subfield>
    <subfield code="4">0</subfield>
    <subfield code="6">FIS_&#x17A0;&#x17C5;_1996_000000000000000_B163_OR_10</subfield>
    <subfield code="7">0</subfield>
    <subfield code="9">18915</subfield>
    <subfield code="a">LBB</subfield>
    <subfield code="b">LBB</subfield>
    <subfield code="c">B163</subfield>
    <subfield code="d">2015-11-30</subfield>
    <subfield code="o">FIS &#x17A0;&#x17CA;&#x17C5; 1996 B163 Or.10</subfield>
    <subfield code="p">RUA012693</subfield>
    <subfield code="r">2015-11-30</subfield>
    <subfield code="w">2015-11-30</subfield>
    <subfield code="y">FIS</subfield>
  </datafield>
</record>
